000 00861cam a2200229 i 4500
003 SA-RiAUC
005 20241113101113.0
008 241112s1993 ua g 00000 ara c
040 _aSA-RiAUC
_bara
_cSA-RiAUC
_erda
082 0 4 _a251
090 _a251
_bع م ر
100 1 _aعمر، عبد الحليم عبد الفتاح.
_eمؤلف.
245 1 0 _aمخصصات العام وأثرها :
_bدراسة أصولية /
_cعبد الحليم عبد الفتاح عمر.
264 1 _aالقاهرة :
_bمكتبة السلام الإسلامية،
_c1993
300 _a230 صفحة ؛
_c24 سم
336 _aنص
_btxt
_2rdacontent
_3كتاب
337 _aبدون وسيط
_bn
_2rdamedia
338 _aمجلد
_bnc
_2rdacarrier
650 7 _aأصول الفقه الإسلامي
_2aucsh
942 _2ddc
_cBOOK
_n0
949 _aSA-JeALM
_d241112
_ukhaled123
_n1
999 _c2334
_d2334